|
|
|
|
| LEADER |
01675nam a2200409 i 4500 |
| 001 |
EBC4793904 |
| 003 |
MiAaPQ |
| 005 |
20200520144314.0 |
| 006 |
m o d | |
| 007 |
cr cnu|||||||| |
| 008 |
170220t20172017gw ob 001 0 ger|d |
| 020 |
|
|
|z 9783110448801
|
| 020 |
|
|
|a 9783110451436
|q (electronic bk.)
|
| 035 |
|
|
|a (MiAaPQ)EBC4793904
|
| 035 |
|
|
|a (Au-PeEL)EBL4793904
|
| 035 |
|
|
|a (CaPaEBR)ebr11334802
|
| 035 |
|
|
|a (CaONFJC)MIL978185
|
| 035 |
|
|
|a (OCoLC)971364501
|
| 040 |
|
|
|a MiAaPQ
|b eng
|e rda
|e pn
|c MiAaPQ
|d MiAaPQ
|
| 050 |
|
4 |
|a TX911.3.M27
|b S37 2017
|
| 100 |
1 |
|
|a Schreyer, Markus,
|e author.
|
| 245 |
1 |
0 |
|a Innovations- management in der Hotellerie :
|b Innovationsforschung von touristischen Dienstleistungen in Vertrieb und Marketing /
|c Markus Schreyer.
|
| 264 |
|
1 |
|a Berlin :
|b De Gruyter,
|c [2017]
|
| 264 |
|
4 |
|c 2017
|
| 300 |
|
|
|a 1 online resource (350 pages).
|
| 336 |
|
|
|a text
|2 rdacontent
|
| 337 |
|
|
|a computer
|2 rdamedia
|
| 338 |
|
|
|a online resource
|2 rdacarrier
|
| 490 |
1 |
|
|a Lehr- und Handbucher zu Tourismus, Verkehr und Freizeit
|
| 504 |
|
|
|a Includes bibliographical references and index.
|
| 588 |
|
|
|a Description based on online resource; title from PDF title page (ebrary, viewed February 17, 2017).
|
| 590 |
|
|
|a Electronic reproduction. Ann Arbor, MI : ProQuest, 2016. Available via World Wide Web. Access may be limited to ProQuest affiliated libraries.
|
| 650 |
|
0 |
|a Hotel management.
|
| 655 |
|
4 |
|a Electronic books.
|
| 797 |
2 |
|
|a ProQuest (Firm)
|
| 830 |
|
0 |
|a Lehr- und Handbucher zu Tourismus, Verkehr und Freizeit.
|
| 856 |
4 |
0 |
|u https://ebookcentral.proquest.com/lib/matrademy/detail.action?docID=4793904
|z Click to View
|